000 00803nam a2200217 i 4500
001 140975
003 ES-MaACL
005 20251015164504.0
007 t|
008 070918s1931 sp |||| | spa d
100 1 _aWilkens, Jack.
_9116851
245 1 0 _aNicolás Alexandrovitch Romanoff, ciudadano soviético /
_cJack Wilkens [seud.] ; traducido del francés por Demófilo Dantón Ferrero ; prólogo de E. Barriobero y Herrán.
260 _aMadrid :
_bJ. Mª Yagúes,
_c1931 (
_fImp. de Galo Saez)
300 _a252 p. ;
_c18 cm.
600 0 4 _aNicolás
_bII
_cEmperador de Rusia.
_985573
700 1 _aDantón Ferrero, Demófilo.
_942671
700 1 _aBarriobero y Herrán, Eduardo,
_d1875-1939
_926012
852 _aES-MaACL
_jA-1229
852 _aES-MaACL
_jB-12311
999 _c140975
_d140975